[Event "4NCL Division 1d"]
[Site "Birmingham, ENG"]
[Date "2016.04.30"]
[Round "9.151"]
[White "Bauer, Christian"]
[Black "Haria, Ravi"]
[Result "1-0"]
[WhiteElo "2631"]
[BlackElo "2394"]
[PlyCount "93"]
[EventDate "2016.04.30"]
[WhiteTeam "3Cs 1"]
[BlackTeam "Cambridge University 1"]

1. d4 e6 2. Nf3 Nf6 3. e3 c5 4. Bd3 b6 5. O-O Bb7 6. c4 Be7 7. Nc3 cxd4 8. exd4
d6 9. Re1 O-O 10. d5 e5 11. a3 Nbd7 12. b4 Re8 13. Bb2 Bf8 14. Nd2 g6 15. Bc2
a6 16. Ba4 Rc8 17. Qf3 b5 18. cxb5 Rxc3 19. Bxc3 Bxd5 20. Qd3 Qa8 21. f3 Nb6
22. Bb3 Bg7 23. bxa6 Nh5 24. g3 Bxb3 25. Nxb3 Na4 26. Bd2 Nb2 27. Qe2 Qd5 28.
Na5 f5 29. Bc3 Na4 30. Rad1 Qf7 31. Ba1 e4 32. Qc4 Bxa1 33. Qxf7+ Kxf7 34. Rxa1
d5 35. Nc6 Nb6 36. a4 Nf6 37. a5 Na8 38. b5 Nc7 39. Nd4 Nd7 40. Rac1 Ne6 41.
Nxe6 Kxe6 42. Rc6+ Ke7 43. fxe4 fxe4 44. a7 Ne5 45. Rc3 Kd6 46. b6 Nc6 47. Rec1
1-0

[Event "4NCL Division 1d"]
[Site "Birmingham, ENG"]
[Date "2016.04.30"]
[Round "9.152"]
[White "Wallace, John Paul"]
[Black "Gordon, Stephen J"]
[Result "1/2-1/2"]
[WhiteElo "2372"]
[BlackElo "2496"]
[PlyCount "202"]
[EventDate "2016.04.30"]
[WhiteTeam "Cambridge University 1"]
[BlackTeam "3Cs 1"]

1. Nf3 c5 2. g3 Nc6 3. Bg2 g6 4. c3 e5 5. d4 cxd4 6. cxd4 e4 7. Ne5 d5 8. Qa4
Bd7 9. Nxd7 Qxd7 10. Nc3 Bg7 11. e3 Nge7 12. b4 Rc8 13. Bd2 b6 14. Bf1 Qe6 15.
Ba6 Rc7 16. Rc1 h5 17. Ne2 Qd7 18. h4 Bf6 19. Nf4 Kd8 20. Bb5 Kc8 21. Kf1 Kb8
22. Kg2 Qd6 23. Qb3 Nd8 24. Rc5 Ne6 25. Nxe6 fxe6 26. Ba6 Qd7 27. Rxc7 Kxc7 28.
a4 g5 29. hxg5 Bxg5 30. Bb5 Qd6 31. Qd1 h4 32. gxh4 Bxh4 33. Kf1 Nf5 34. Qg4
Qf8 35. Qf4+ Qd6 36. Qg4 Kb7 37. a5 a6 38. Be2 Rh7 39. axb6 Rg7 40. Qxg7+ Nxg7
41. Rxh4 Nf5 42. Rh3 Kxb6 43. f4 exf3 44. Bxf3 Qc6 45. Be2 Qc2 46. Be1 Qc1 47.
Kf2 Nd6 48. Kf1 Nc4 49. Kf2 Qc2 50. Rf3 Qe4 51. Rg3 Qh4 52. Bd3 Nd6 53. Ke2 Ne4
54. Bxe4 Qxe4 55. Rg8 Qc2+ 56. Bd2 Kb5 57. Rb8+ Ka4 58. Rb6 Kb3 59. Rxe6 Qc4+
60. Ke1 Kc2 61. Rh6 Qc8 62. e4 Qg4 63. Rc6+ Kd3 64. Rc3+ Kxe4 65. Ra3 Qg1+ 66.
Ke2 Qb1 67. Rh3 Kxd4 68. Rh4+ Ke5 69. Rh5+ Ke4 70. Rh7 Kf5 71. Rh5+ Kg4 72.
Rg5+ Kh4 73. Re5 Qb3 74. Re8 Qc4+ 75. Ke1 d4 76. Rf8 Kg3 77. Rf6 Qd3 78. Rf8
Qg6 79. Kd1 Qe6 80. Be1+ Kg4 81. Bd2 d3 82. Rd8 Qb3+ 83. Ke1 Kf3 84. Rf8+ Ke4
85. Re8+ Kd5 86. Rd8+ Kc6 87. Rc8+ Kb5 88. Rc5+ Kb6 89. Be3 Qxb4+ 90. Rc3+ Kb5
91. Kd2 Qb1 92. Rxd3 Qb2+ 93. Kd1 Kc4 94. Bc1 Qf2 95. Re3 a5 96. Ra3 Kb4 97.
Re3 a4 98. Ra3 Kb5 99. Re3 Kc4 100. Ra3 Kb4 101. Re3 Kc4 1/2-1/2

[Event "4NCL Division 1d"]
[Site "Birmingham, ENG"]
[Date "2016.04.30"]
[Round "9.153"]
[White "Longson, Alexander"]
[Black "Eckersley-Waites, Adam"]
[Result "1/2-1/2"]
[WhiteElo "2294"]
[BlackElo "2277"]
[PlyCount "71"]
[EventDate "2016.04.30"]
[WhiteTeam "3Cs 1"]
[BlackTeam "Cambridge University 1"]

1. e4 c5 2. Nf3 d6 3. Bb5+ Bd7 4. Bxd7+ Qxd7 5. c4 Nf6 6. Nc3 g6 7. d4 cxd4 8.
Nxd4 Bg7 9. b3 O-O 10. Bb2 Nc6 11. O-O Rfd8 12. Re1 e6 13. Rc1 a6 14. Nxc6 Qxc6
15. Qe2 Nd7 16. Na4 Bxb2 17. Nxb2 b5 18. Nd3 Rac8 19. Qe3 Nc5 20. cxb5 Qxb5 21.
Nxc5 Rxc5 22. Rxc5 dxc5 23. h4 c4 24. bxc4 Qxc4 25. Qg5 Qd4 26. e5 Qd2 27. Re3
Rb8 28. Qf6 Rb5 29. Kh2 h5 30. Rf3 Rb7 31. Rf4 a5 32. a4 Rc7 33. Rf3 Rb7 34.
Rf4 Rc7 35. Rf3 Rb7 36. Rf4 1/2-1/2

[Event "4NCL Division 1d"]
[Site "Birmingham, ENG"]
[Date "2016.04.30"]
[Round "9.154"]
[White "Bisby, Daniel L"]
[Black "Congiu, Mathilde"]
[Result "1-0"]
[WhiteElo "2275"]
[BlackElo "2280"]
[PlyCount "59"]
[EventDate "2016.04.30"]
[WhiteTeam "Cambridge University 1"]
[BlackTeam "3Cs 1"]

1. e4 c5 2. Nc3 d6 3. f4 Nc6 4. Nf3 g6 5. Bb5 Bg7 6. O-O e6 7. Bxc6+ bxc6 8. d3
Rb8 9. Qe1 Ne7 10. Kh1 O-O 11. e5 Nf5 12. Ne4 d5 13. Nxc5 Qe7 14. b4 a5 15. a3
d4 16. g4 Nh6 17. h3 f6 18. exf6 Qxf6 19. g5 Qf5 20. gxh6 Qxh3+ 21. Nh2 Bxh6
22. Rf3 Qf5 23. Qe5 axb4 24. Qxb8 Qxc5 25. f5 Bg7 26. f6 Qd5 27. Bg5 c5 28.
Raf1 Bxf6 29. Bh6 Be5 30. Qxe5 1-0

[Event "4NCL Division 1d"]
[Site "Birmingham, ENG"]
[Date "2016.04.30"]
[Round "9.155"]
[White "Buscara, Sevan"]
[Black "Churm, Rohan M"]
[Result "1-0"]
[WhiteElo "2350"]
[BlackElo "2137"]
[PlyCount "65"]
[EventDate "2016.04.30"]
[WhiteTeam "3Cs 1"]
[BlackTeam "Cambridge University 1"]

1. e4 e6 2. d4 d5 3. e5 c5 4. c3 Nc6 5. Nf3 Qb6 6. Bd3 Bd7 7. dxc5 Bxc5 8. O-O
a5 9. Nbd2 a4 10. b4 axb3 11. Nxb3 Ba3 12. Be3 Qc7 13. Nbd4 Nxd4 14. cxd4 Ba4
15. Qe2 Ne7 16. Rab1 O-O 17. Bc1 Bxc1 18. Rfxc1 Nc6 19. Bxh7+ Kxh7 20. Ng5+ Kg8
21. Qh5 Rfb8 22. Rc3 Qd7 23. Qh7+ Kf8 24. Rf3 Nd8 25. Qh8+ Ke7 26. Qxg7 Qe8 27.
Nh7 Qc6 28. Qg5+ Kd7 29. Nf6+ Kc7 30. Rc1 Bc2 31. Qd2 Qa4 32. Rxc2+ Nc6 33. Nh7
1-0

[Event "4NCL Division 1d"]
[Site "Birmingham, ENG"]
[Date "2016.04.30"]
[Round "9.156"]
[White "Hill, Alistair"]
[Black "Abbas, Daniel"]
[Result "1-0"]
[WhiteElo "2204"]
[BlackElo "2260"]
[PlyCount "113"]
[EventDate "2016.04.30"]
[WhiteTeam "Cambridge University 1"]
[BlackTeam "3Cs 1"]

1. e4 c5 2. c3 Nf6 3. e5 Nd5 4. d4 cxd4 5. Nf3 e6 6. cxd4 d6 7. Bd2 Bd7 8. Bc4
Bc6 9. O-O Be7 10. Nc3 Nxc3 11. Bxc3 O-O 12. Rc1 dxe5 13. dxe5 Qxd1 14. Rfxd1
Nd7 15. Nd4 Nxe5 16. Nxc6 Nxc6 17. Rd7 Rab8 18. Bb5 Bg5 19. Rcd1 Rfd8 20. g3
Kf8 21. Kf1 Rxd7 22. Rxd7 Nd8 23. Rc7 a6 24. Bd3 g6 25. Be4 Be7 26. Be5 Ra8 27.
Bd4 Rb8 28. Be5 Ra8 29. Bxb7 Nxb7 30. Rxb7 h5 31. Ke2 Ke8 32. Kd3 Bc5 33. f3
Bg1 34. g4 hxg4 35. fxg4 Ra7 36. Rxa7 Bxa7 37. Bf6 Kd7 38. Ke4 Bc5 39. h4 Bf8
40. h5 gxh5 41. gxh5 Bh6 42. a4 Kc6 43. b4 Bf8 44. Kd4 Bh6 45. Kc4 Bf8 46. Bg5
Bg7 47. h6 Bh8 48. Be7 Be5 49. Bf8 Bf4 50. Bg7 Bxh6 51. Bxh6 Kb6 52. Kd4 Kc6
53. Ke5 Kd7 54. Kf6 Kd6 55. Be3 Kd5 56. b5 axb5 57. axb5 1-0

[Event "4NCL Division 1d"]
[Site "Birmingham, ENG"]
[Date "2016.04.30"]
[Round "9.157"]
[White "Walton, Alan J"]
[Black "Robertson, J Stuart"]
[Result "1-0"]
[WhiteElo "2215"]
[BlackElo "2126"]
[PlyCount "97"]
[EventDate "2016.04.30"]
[WhiteTeam "3Cs 1"]
[BlackTeam "Cambridge University 1"]

1. d4 d5 2. c4 c6 3. Nf3 Nf6 4. e3 Bf5 5. Nbd2 e6 6. Be2 Nbd7 7. b3 Bd6 8. Bb2
Ne4 9. Nxe4 Bxe4 10. Bd3 Bb4+ 11. Ke2 f5 12. Ne1 Qg5 13. f4 Qh4 14. Bxe4 fxe4
15. Nc2 Bd6 16. g3 Qh3 17. Qf1 Qg4+ 18. Kd2 h5 19. h3 Qxg3 20. Rg1 Qh4 21. Rxg7
O-O-O 22. Qg2 Nf6 23. Rg1 Rhg8 24. Qg3 Qxg3 25. R1xg3 Rxg7 26. Rxg7 Rg8 27. Rf7
Rg2+ 28. Kc3 Ne8 29. Rh7 Ng7 30. cxd5 cxd5 31. Ba3 Bxa3 32. Nxa3 Kd7 33. Kb4
Ke7 34. Nb5 a6 35. Nc7 Kd6 36. Rxg7 Re2 37. Ne8+ Kc6 38. a4 Kb6 39. a5+ Ka7 40.
Nc7 Rxe3 41. Nxe6 Rd3 42. Nc5 Rf3 43. Rxb7+ Ka8 44. Rf7 h4 45. Nxa6 e3 46. Nc7+
Kb8 47. Nxd5 e2 48. Re7 Rd3 49. a6 1-0

[Event "4NCL Division 1d"]
[Site "Birmingham, ENG"]
[Date "2016.04.30"]
[Round "9.158"]
[White "Kueh, Audrey"]
[Black "Horton, Jamie A"]
[Result "0-1"]
[WhiteElo "2091"]
[BlackElo "2110"]
[PlyCount "90"]
[EventDate "2016.04.30"]
[WhiteTeam "Cambridge University 1"]
[BlackTeam "3Cs 1"]

1. e4 c5 2. Nf3 g6 3. c3 d5 4. exd5 Qxd5 5. d4 Bg7 6. c4 Qd6 7. d5 Nf6 8. Nc3
a6 9. g3 O-O 10. Bf4 Qd8 11. Qb3 Qa5 12. Bd2 Qd8 13. Na4 Nbd7 14. Rd1 Ne4 15.
Be3 Qa5+ 16. Nd2 b5 17. cxb5 axb5 18. Nc3 Nxc3 19. bxc3 c4 20. Qc2 Ne5 21. Bd4
Bg4 22. Ra1 Nf3+ 23. Nxf3 Bxf3 24. Bxg7 Kxg7 25. Rg1 Bxd5 26. Qb2 Rfd8 27. g4
Bf3 28. Be2 Bxe2 29. Kxe2 Rd3 30. Rg3 Rad8 31. Qb4 Qa8 32. Rxd3 cxd3+ 33. Ke3
d2 34. Rd1 Qxa2 35. Qxe7 Qd5 36. Qe4 Qc5+ 37. Ke2 Qxc3 38. f4 Rd6 39. f5 b4 40.
Qf4 Qd3+ 41. Kf2 Qd4+ 42. Qxd4+ Rxd4 43. Ke3 Rd8 44. fxg6 Kxg6 45. h4 h5 0-1

[Event "4NCL Division 1d"]
[Site "Birmingham, ENG"]
[Date "2016.04.30"]
[Round "9.161"]
[White "Zakarian, David"]
[Black "Tarhon, Brian"]
[Result "0-1"]
[WhiteElo "2393"]
[BlackElo "2293"]
[PlyCount "118"]
[EventDate "2016.04.30"]
[WhiteTeam "Oxford 1"]
[BlackTeam "Sussex Martlets 1"]

1. e4 c5 2. Nf3 e6 3. b3 Nc6 4. Bb5 Nge7 5. O-O d6 6. Bb2 a6 7. Be2 e5 8. Nc3
g6 9. Bc4 b5 10. Bd5 Bg7 11. d3 O-O 12. Nd2 Nxd5 13. Nxd5 Be6 14. f4 Bxd5 15.
exd5 Nb4 16. fxe5 dxe5 17. Ne4 Qxd5 18. a3 f5 19. axb4 fxe4 20. Rxf8+ Rxf8 21.
dxe4 Qxd1+ 22. Rxd1 cxb4 23. c3 bxc3 24. Bxc3 Rc8 25. Rd3 Kf7 26. Rd7+ Ke6 27.
Rxg7 Rxc3 28. Ra7 Kd6 29. b4 Rc4 30. Rxa6+ Ke7 31. Ra7+ Kf6 32. Rxh7 Rxe4 33.
Kf2 Rxb4 34. Ke3 Kf5 35. Rf7+ Kg5 36. Re7 Kf6 37. Re8 Rb2 38. Kf3 b4 39. h4
Rb3+ 40. Ke4 Rg3 41. Rf8+ Ke6 42. Rb8 Rg4+ 43. Kf3 Rxh4 44. g4 Rh3+ 45. Ke4 Rg3
46. Rb6+ Kf7 47. Kxe5 Rxg4 48. Rb7+ Ke8 49. Ke6 Kd8 50. Kd6 Kc8 51. Rb5 Rf4 52.
Rg5 Rf6+ 53. Kc5 b3 54. Rg3 b2 55. Rb3 Rf2 56. Kb4 Kd7 57. Ka3 Ke6 58. Ka2 Kf5
59. Rb8 Kg4 0-1

[Event "4NCL Division 1d"]
[Site "Birmingham, ENG"]
[Date "2016.04.30"]
[Round "9.162"]
[White "Cumming, Rhys"]
[Black "Martins, David Pires Tavares"]
[Result "0-1"]
[WhiteElo "2162"]
[BlackElo "2407"]
[PlyCount "66"]
[EventDate "2016.04.30"]
[WhiteTeam "Sussex Martlets 1"]
[BlackTeam "Oxford 1"]

1. e4 g6 2. d4 Bg7 3. Nc3 c6 4. Be3 d6 5. f4 Nf6 6. Nf3 Nbd7 7. e5 Ng4 8. Bg1
f6 9. exd6 exd6 10. Qe2+ Kf7 11. O-O-O d5 12. h3 Nh6 13. g4 Re8 14. Qd2 b5 15.
Kb1 Nb6 16. Be3 b4 17. Nb5 cxb5 18. f5 Nxf5 19. gxf5 Bxf5 20. b3 Qd7 21. Ne1 a5
22. Bf4 a4 23. Bd3 axb3 24. cxb3 Nc4 25. Qxb4 Bf8 26. Qc3 b4 27. Qc1 Re2 28.
Nc2 Rxc2 29. Kxc2 Rxa2+ 30. Kb1 Qa7 31. bxc4 Ra1+ 32. Kc2 Qa2+ 33. Qb2 Qxc4+
0-1

[Event "4NCL Division 1d"]
[Site "Birmingham, ENG"]
[Date "2016.04.30"]
[Round "9.163"]
[White "Tan, Justin"]
[Black "Salimbeni, George P W"]
[Result "1-0"]
[WhiteElo "2452"]
[BlackElo "2068"]
[PlyCount "79"]
[EventDate "2016.04.30"]
[WhiteTeam "Oxford 1"]
[BlackTeam "Sussex Martlets 1"]

1. e4 e5 2. Nf3 Nc6 3. Bb5 a6 4. Ba4 Nf6 5. O-O Be7 6. d3 b5 7. Bb3 d6 8. a3
O-O 9. Nc3 Bg4 10. Be3 Nd4 11. Bxd4 exd4 12. Nd5 Nxd5 13. Bxd5 Rb8 14. h3 Bxf3
15. Qxf3 Bf6 16. Qg3 Qd7 17. f4 c6 18. Bb3 Rbe8 19. Rf3 Kh8 20. Raf1 a5 21. Qf2
a4 22. Ba2 Qe7 23. Kh1 Qc7 24. g4 c5 25. Bd5 Bd8 26. g5 f6 27. Qg2 Be7 28. h4
Rb8 29. Qg4 Qc8 30. Be6 Qd8 31. Bf5 Qe8 32. Rg1 g6 33. gxf6 Bxf6 34. Be6 Qe7
35. Bd5 b4 36. h5 gxh5 37. Qxh5 bxa3 38. bxa3 Qe8 39. Qxh7+ Kxh7 40. Rh3+ 1-0

[Event "4NCL Division 1d"]
[Site "Birmingham, ENG"]
[Date "2016.04.30"]
[Round "9.164"]
[White "Hoare, Amy B"]
[Black "Claridge-Hansen, William"]
[Result "0-1"]
[WhiteElo "2102"]
[BlackElo "2288"]
[PlyCount "50"]
[EventDate "2016.04.30"]
[WhiteTeam "Sussex Martlets 1"]
[BlackTeam "Oxford 1"]

1. e4 c5 2. c3 d5 3. exd5 Qxd5 4. d4 g6 5. Nf3 Bg7 6. Be3 Nf6 7. Nbd2 cxd4 8.
Bc4 Qd8 9. Bxd4 O-O 10. Ne5 Nc6 11. Nxc6 bxc6 12. O-O Qc7 13. Nf3 c5 14. Be5
Qb6 15. Qe2 Be6 16. Bxe6 Qxe6 17. Rfe1 Qc6 18. Rad1 Rfd8 19. h3 e6 20. Qc4 Rxd1
21. Rxd1 Nd5 22. Bxg7 Kxg7 23. Qe4 Qc7 24. Ne5 Rd8 25. Nc4 Nxc3 0-1

[Event "4NCL Division 1d"]
[Site "Birmingham, ENG"]
[Date "2016.04.30"]
[Round "9.165"]
[White "Rose, Matthew"]
[Black "Willson, Ollie"]
[Result "0-1"]
[WhiteElo "2280"]
[BlackElo "2065"]
[PlyCount "58"]
[EventDate "2016.04.30"]
[WhiteTeam "Oxford 1"]
[BlackTeam "Sussex Martlets 1"]

1. e4 c5 2. c3 d5 3. exd5 Qxd5 4. d4 Nf6 5. Nf3 e6 6. Be3 Nc6 7. dxc5 Qxd1+ 8.
Kxd1 Ng4 9. b4 Nxe3+ 10. fxe3 a5 11. b5 Na7 12. Nbd2 Bxc5 13. Nb3 Bxe3 14. Nxa5
O-O 15. a4 Rd8+ 16. Kc2 b6 17. Nb3 Bb7 18. Bd3 Bd5 19. Rad1 Rac8 20. Kb2 g6 21.
c4 Bxc4 22. Bxc4 Rxd1 23. Rxd1 Rxc4 24. Rd3 Bh6 25. Rd8+ Bf8 26. Ne5 Rc7 27. a5
Rc8 28. Rxc8 Nxc8 29. a6 Bg7 0-1

[Event "4NCL Division 1d"]
[Site "Birmingham, ENG"]
[Date "2016.04.30"]
[Round "9.166"]
[White "Grant, David J"]
[Black "Eckersley-Waites, Tom"]
[Result "0-1"]
[WhiteElo "2086"]
[BlackElo "2313"]
[PlyCount "64"]
[EventDate "2016.04.30"]
[WhiteTeam "Sussex Martlets 1"]
[BlackTeam "Oxford 1"]

1. e4 c5 2. Nf3 d6 3. d4 cxd4 4. Nxd4 Nf6 5. Nc3 a6 6. h3 e5 7. Nde2 h5 8. Bg5
Be7 9. Qd2 Be6 10. g3 Nbd7 11. Bg2 b5 12. a3 Rc8 13. O-O Qb6 14. Rfd1 Qb8 15.
b3 Rc6 16. f4 Qb6+ 17. Kh1 g6 18. Rf1 Bg4 19. hxg4 hxg4+ 20. Bh4 Nh5 21. Nd5
Nxg3+ 22. Nxg3 Rxh4+ 23. Bh3 Qc5 24. Nb4 Rxh3+ 25. Kg2 Bh4 26. Nh1 Nf6 27. fxe5
Qxe5 28. Qf4 Rcc3 29. Qxe5+ dxe5 30. Rxf6 Bxf6 31. Nd5 Rxc2+ 32. Nf2 Bh4 0-1

[Event "4NCL Division 1d"]
[Site "Birmingham, ENG"]
[Date "2016.04.30"]
[Round "9.167"]
[White "Hansen, Hans-Peter"]
[Black "Payne, Matthew J"]
[Result "1-0"]
[WhiteElo "2262"]
[BlackElo "2023"]
[PlyCount "61"]
[EventDate "2016.04.30"]
[WhiteTeam "Oxford 1"]
[BlackTeam "Sussex Martlets 1"]

1. c4 Nf6 2. Nc3 g6 3. g3 Bg7 4. Bg2 O-O 5. e4 e5 6. Nge2 d6 7. O-O Nbd7 8. d3
a5 9. h3 c6 10. Be3 Nc5 11. Qd2 Nfd7 12. Rad1 Ne6 13. b3 f5 14. exf5 gxf5 15.
d4 f4 16. gxf4 Qh4 17. fxe5 dxe5 18. dxe5 Nxe5 19. f4 Rd8 20. Qe1 Qxe1 21.
Rxd8+ Nxd8 22. Rxe1 Nd3 23. Rd1 Bf5 24. Be4 Bxe4 25. Nxe4 Nb4 26. a4 Nf7 27.
Kf2 Nh6 28. Bb6 Nf5 29. N2g3 Ne7 30. Rd7 Ng6 31. Nh5 1-0

[Event "4NCL Division 1d"]
[Site "Birmingham, ENG"]
[Date "2016.04.30"]
[Round "9.168"]
[White "Blewitt, Stephen"]
[Black "Matta, Francesca"]
[Result "0-1"]
[WhiteElo "1954"]
[BlackElo "1975"]
[PlyCount "42"]
[EventDate "2016.04.30"]
[WhiteTeam "Sussex Martlets 1"]
[BlackTeam "Oxford 1"]

1. Nf3 d5 2. b3 Nf6 3. Bb2 Bf5 4. e3 e6 5. Ne5 Bd6 6. f4 Nbd7 7. Be2 h5 8. Bf3
c6 9. Nxd7 Kxd7 10. O-O Qe7 11. d3 Rag8 12. Nd2 Ng4 13. Qe1 Bc5 14. d4 Bd6 15.
Bd1 g5 16. e4 dxe4 17. Bxg4 hxg4 18. Nxe4 Bxe4 19. Qxe4 f5 20. Qe2 gxf4 21. Qd2
Qh4 0-1

[Event "4NCL Division 1d"]
[Site "Birmingham, ENG"]
[Date "2016.04.30"]
[Round "9.171"]
[White "L'Ami, Alina"]
[Black "Chow, Sam"]
[Result "1-0"]
[WhiteElo "2348"]
[BlackElo "2336"]
[PlyCount "127"]
[EventDate "2016.04.30"]
[WhiteTeam "Spirit of Atticus A"]
[BlackTeam "South Wales Dragons"]

1. d4 Nf6 2. c4 g6 3. Nc3 d5 4. cxd5 Nxd5 5. Na4 e5 6. dxe5 Bb4+ 7. Bd2 Ne3 8.
fxe3 Bxd2+ 9. Qxd2 Qh4+ 10. g3 Qxa4 11. Bg2 O-O 12. Nf3 Nc6 13. O-O Qb4 14.
Qxb4 Nxb4 15. Rac1 Nd5 16. Ng5 Nxe3 17. Rf3 Nxg2 18. Rxc7 Bg4 19. Rfc3 Rae8 20.
Ne4 Rxe5 21. Nf6+ Kg7 22. Nxg4 Rxe2 23. Kf1 Rfe8 24. Rf3 Ne3+ 25. Nxe3 R8xe3
26. Rcxf7+ Kh6 27. Rxe3 Rxe3 28. Rxb7 a5 29. Rb5 a4 30. Rb4 a3 31. b3 Kg5 32.
Ra4 Rc3 33. Rc4 Re3 34. b4 Kf5 35. b5 Re6 36. Rb4 Rb6 37. Ke2 Ke5 38. Kd3 Kd6
39. Kc4 Kc7 40. Kb3 Re6 41. Kxa3 Kb6 42. Rb2 Re4 43. h4 Rg4 44. Rb3 Re4 45. Kb2
Re2+ 46. Kb1 Re1+ 47. Kc2 Re2+ 48. Kd3 Rxa2 49. Ke4 Ra8 50. Kf4 h6 51. Ke5 Rf8
52. Rb4 g5 53. hxg5 hxg5 54. Ke6 Rg8 55. Kf7 Rh8 56. Kf6 g4 57. Kf5 Rg8 58.
Rxg4 Rf8+ 59. Ke6 Kxb5 60. Rf4 Re8+ 61. Kf7 Ra8 62. g4 Kc5 63. Re4 Kd5 64. Re7
1-0

[Event "4NCL Division 1d"]
[Site "Birmingham, ENG"]
[Date "2016.04.30"]
[Round "9.172"]
[White "Toma, Katarzyna"]
[Black "Carleton, John J"]
[Result "1-0"]
[WhiteElo "2307"]
[BlackElo "2299"]
[PlyCount "95"]
[EventDate "2016.04.30"]
[WhiteTeam "South Wales Dragons"]
[BlackTeam "Spirit of Atticus A"]

1. e4 c6 2. d4 d5 3. e5 Bf5 4. Nd2 e6 5. Nb3 Nd7 6. Nf3 Ne7 7. Be3 h6 8. Be2
Qc7 9. O-O Bh7 10. Nfd2 Nf5 11. c4 dxc4 12. Nxc4 Nb6 13. Rc1 Rd8 14. Qd2 Be7
15. Qa5 O-O 16. Rfd1 Nxe3 17. fxe3 Be4 18. Nc5 Bd5 19. Nd2 Bxc5 20. Rxc5 f6 21.
e4 fxe5 22. exd5 exd5 23. Nf3 exd4 24. Rc2 Qe7 25. Qc5 Qxc5 26. Rxc5 Rfe8 27.
Rc2 a6 28. Nxd4 Nd7 29. Bg4 Nf6 30. Bf5 Re5 31. Rf1 Rde8 32. Bg6 Rf8 33. h3 Rc8
34. b4 Ne4 35. Kh2 c5 36. bxc5 Rxc5 37. Rxc5 Nxc5 38. Rc1 b6 39. Nb3 Re6 40.
Bf5 Rf6 41. Bc8 Nxb3 42. axb3 a5 43. Rd1 Rd6 44. Rxd5 Rxd5 45. Be6+ Kf8 46.
Bxd5 Ke7 47. Kg3 Kd6 48. Bg8 1-0

[Event "4NCL Division 1d"]
[Site "Birmingham, ENG"]
[Date "2016.04.30"]
[Round "9.173"]
[White "Lund, D Brett"]
[Black "Cooper, John G"]
[Result "0-1"]
[WhiteElo "2292"]
[BlackElo "2272"]
[PlyCount "89"]
[EventDate "2016.04.30"]
[WhiteTeam "Spirit of Atticus A"]
[BlackTeam "South Wales Dragons"]

1. c4 g6 2. g3 Bg7 3. Nc3 Nf6 4. Bg2 O-O 5. e4 c5 6. Nge2 Nc6 7. d3 Rb8 8. O-O
a6 9. a4 d6 10. h3 Ne8 11. Be3 Nc7 12. d4 cxd4 13. Nxd4 Ne6 14. Nde2 Nc5 15.
Rb1 Nb4 16. f4 Bd7 17. g4 b5 18. cxb5 axb5 19. a5 Bc6 20. Nd5 Bxd5 21. exd5
Qxa5 22. Nd4 e6 23. dxe6 fxe6 24. Nxe6 Nxe6 25. Bd5 Nxd5 26. Qxd5 Kh8 27. Qxe6
Rbe8 28. Qb3 Qa4 29. Qxa4 bxa4 30. Kf2 Rb8 31. Kf3 Rb3 32. Rfe1 Re8 33. Ra1 Ra8
34. Ra2 Kg8 35. Re2 d5 36. Kf2 d4 37. Bd2 Rxh3 38. b4 Kf7 39. Re1 Rb3 40. Rc1
Ra7 41. Rca1 a3 42. Bc1 d3 43. Rxa3 Bd4+ 44. Kg2 Raxa3 45. Rxa3 0-1

[Event "4NCL Division 1d"]
[Site "Birmingham, ENG"]
[Date "2016.04.30"]
[Round "9.174"]
[White "Kett, Tim"]
[Black "Ivell, Nicholas W"]
[Result "1-0"]
[WhiteElo "2184"]
[BlackElo "2227"]
[PlyCount "59"]
[EventDate "2016.04.30"]
[WhiteTeam "South Wales Dragons"]
[BlackTeam "Spirit of Atticus A"]

1. e4 c5 2. Nf3 e6 3. d4 cxd4 4. Nxd4 Nf6 5. Nc3 d6 6. g4 Nc6 7. g5 Nd7 8. Be3
a6 9. Qd2 Be7 10. h4 Qc7 11. O-O-O Nc5 12. Nxc6 Qxc6 13. Bg2 Qc7 14. Bd4 O-O
15. f4 Re8 16. e5 dxe5 17. Bxe5 Qb6 18. Ne4 Nd7 19. Bd4 Qc7 20. Rhg1 Bf8 21. h5
e5 22. Bc3 exf4 23. h6 Ne5 24. hxg7 Bxg7 25. Nf6+ Bxf6 26. gxf6 Ng6 27. Bf3 Qc5
28. Qh2 Qf8 29. Rh1 h6 30. Bb4 1-0

[Event "4NCL Division 1d"]
[Site "Birmingham, ENG"]
[Date "2016.04.30"]
[Round "9.175"]
[White "House, Glenn L"]
[Black "Williamson, Roger G"]
[Result "1/2-1/2"]
[WhiteElo "2213"]
[BlackElo "2194"]
[PlyCount "209"]
[EventDate "2016.04.30"]
[WhiteTeam "Spirit of Atticus A"]
[BlackTeam "South Wales Dragons"]

1. e4 e5 2. Nf3 Nc6 3. Bb5 f5 4. Nc3 Nf6 5. exf5 Bc5 6. O-O O-O 7. Nxe5 Nd4 8.
Bd3 d5 9. Ne2 Ne4 10. Nxd4 Bxd4 11. Nf3 Bb6 12. Be2 Bxf5 13. d3 Nf6 14. d4 Qd6
15. c3 Rae8 16. Ne5 c5 17. Be3 cxd4 18. cxd4 Rc8 19. Bd3 Bxd3 20. Qxd3 Qb4 21.
Rab1 Qa4 22. a3 Rc7 23. Rbc1 Rfc8 24. Rxc7 Rxc7 25. Qf5 Qe8 26. Qd3 Qa4 27. Qf5
Qe8 28. Qd3 Qa4 29. f3 a6 30. g4 Ne8 31. Kg2 Nd6 32. Rf2 Qb5 33. Qxb5 axb5 34.
Rd2 Ba5 35. Re2 Nc4 36. Bf2 b4 37. axb4 Bxb4 38. Nd3 Re7 39. Rxe7 Bxe7 40. Kf1
Bd6 41. h3 h5 42. Ke2 hxg4 43. hxg4 Na5 44. Kd2 Nc6 45. Kc3 b5 46. Be3 Kf7 47.
Nc1 Bc7 48. Ne2 Ba5+ 49. Kc2 Nb4+ 50. Kb1 Nc6 51. Kc1 Bb6 52. Kc2 Ke6 53. Kd3
Ba5 54. Bd2 Bb6 55. Nf4+ Kd6 56. Be3 Ba5 57. Nh5 g6 58. Nf4 Ne7 59. Bd2 Bc7 60.
Bb4+ Kd7 61. Bxe7 Bxf4 62. Bf6 Ke6 63. Bd8 Bc1 64. Kc3 Kd7 65. Bf6 Kc6 66. Be5
Bg5 67. f4 Be7 68. Kd3 Kd7 69. f5 gxf5 70. gxf5 Bg5 71. Kc3 Be7 72. Bb8 Kc6 73.
Ba7 Bh4 74. Bc5 Be1+ 75. Kd3 Kd7 76. Ke3 Bh4 77. Kf4 Bf6 78. Kg4 Ke8 79. Kh5
Kf7 80. Kh6 Bg7+ 81. Kg5 Bf6+ 82. Kf4 Ke8 83. Ke3 Kf7 84. Bd6 Bg5+ 85. Bf4 Bh4
86. Be5 Bg5+ 87. Kd3 Bh4 88. Kd2 Ke7 89. Kc3 Be1+ 90. Kb3 Kd7 91. Bf6 Ke8 92.
Kc2 Kf7 93. Bh8 Bh4 94. Be5 Be1 95. Kb3 Ke7 96. Kc2 Kf7 97. Kd3 Ke7 98. Ke3 Kf7
99. Kf3 Bh4 100. Kg4 Bd8 101. Kf4 Bh4 102. Bh8 Kg8 103. Ke5 Kxh8 104. Kxd5 Kg7
105. Kc5 1/2-1/2

[Event "4NCL Division 1d"]
[Site "Birmingham, ENG"]
[Date "2016.04.30"]
[Round "9.176"]
[White "Redmond, John P"]
[Black "Mitchell, Martin"]
[Result "1/2-1/2"]
[WhiteElo "2203"]
[BlackElo "2188"]
[PlyCount "65"]
[EventDate "2016.04.30"]
[WhiteTeam "South Wales Dragons"]
[BlackTeam "Spirit of Atticus A"]

1. d4 Nf6 2. Bg5 d6 3. c4 Nbd7 4. Nc3 e5 5. e3 Be7 6. Bd3 O-O 7. Nge2 c6 8. Qc2
a6 9. a4 a5 10. O-O h6 11. Bh4 Nh5 12. Bxe7 Qxe7 13. Kh1 Nb8 14. Qd2 Na6 15.
Rae1 Nb4 16. Bb1 Be6 17. b3 f5 18. Na2 Nxa2 19. Bxa2 Nf6 20. Bb1 e4 21. f3 exf3
22. gxf3 Nh5 23. Rg1 Bd7 24. Ng3 Nxg3+ 25. Rxg3 Rf7 26. Reg1 Kh8 27. e4 fxe4
28. Bxe4 Bf5 29. Qg2 Bxe4 30. fxe4 Re8 31. Rg4 Kh7 32. Qc2 Kh8 33. Qg2 1/2-1/2

[Event "4NCL Division 1d"]
[Site "Birmingham, ENG"]
[Date "2016.04.30"]
[Round "9.177"]
[White "Latham, David"]
[Black "Zeidler, Sven P"]
[Result "0-1"]
[WhiteElo "2122"]
[BlackElo "2182"]
[PlyCount "60"]
[EventDate "2016.04.30"]
[WhiteTeam "Spirit of Atticus A"]
[BlackTeam "South Wales Dragons"]

1. g3 f5 2. Bg2 Nf6 3. d3 e5 4. c4 Nc6 5. Nc3 Bb4 6. Nf3 Bxc3+ 7. bxc3 d6 8.
Rb1 O-O 9. Bg5 Qe8 10. Bxf6 Rxf6 11. Nd2 b6 12. O-O g5 13. e3 Bb7 14. g4 f4 15.
Bd5+ Kg7 16. Ne4 Rg6 17. c5 Na5 18. Bxb7 Nxb7 19. cxd6 Nxd6 20. Qf3 Rd8 21.
Rfe1 Qe6 22. d4 Rf8 23. Nxd6 cxd6 24. e4 Rh6 25. dxe5 dxe5 26. Rb5 Rh4 27. h3
h5 28. gxh5 Rh8 29. Qd3 Rxh3 30. f3 R8xh5 0-1